• 首页
  • 本馆介绍
  • 公告通知
  • 最新文献
  • 馆藏检索
  • 电子资源
  • 读者导购
  • 参考咨询
  • 我的图书馆
  • 登录
  • 详细信息显示
  • 放入我的书架
  • 预约/预借图书
  • 作者相关作品
  • 分类相关作品
  • 丛书相关作品
  • 出版社相关作品

书目信息

  • 表格格式
  • 工作单格式
  • 卡片格式
题名:
色彩美学
    
 
作者: 郭廉夫 著
分册:  
出版信息: 西安   陕西人民美术出版社  1992.02
页数: 376页
开本: 19cm
丛书名:
单 册:
中图分类: J201
科图分类:
主题词: 绘画理论
电子资源:
ISBN: 7-5368-0283-8
000 00500nam0 2200193 45
001 0004101188
005 20040517095859.9
010    @a7-5368-0283-8@dCNY9.80
100    @a20000410d1992 km y0chiy0120 ea
101    @achi
105    @a z 000yy
200 1  @a色彩美学@f郭廉夫,张继华著
210    @a西安@c陕西人民美术出版社@d1992.02
215    @a376页@c附彩图@d19cm
606 0  @a绘画理论
690    @aJ201@v1
701    @a郭廉夫@4著
801    @aCN@bTSTC@c20000410
905    @dJ201@e151@f6@b287374-379
    
    色彩美学/郭廉夫,张继华著.-西安:陕西人民美术出版社,1992.02
    376页:附彩图;19cm
    
    
    ISBN 7-5368-0283-8:CNY9.80
    
●
相关链接 在E读中查询图书 在五车中查询图书 在当当中查询图书 在豆瓣中查询图书


正题名:色彩美学     索取号:J201/151         预约/预借

序号 登录号 条形码 馆藏地/架位号 状态 备注
1 0287374   002873741   第一借阅区/ [索取号:J201/151] 在馆    
2 0287375   002873750   第一借阅区/ [索取号:J201/151] 在馆    
3 0287376   002873769   第一借阅区/ [索取号:J201/151] 在馆    
4 0287377   002873778   第一借阅区/ [索取号:J201/151] 在馆    
5 0287378   002873787   第一借阅区/ [索取号:J201/151] 在馆    
6 0287379   002873796   第一借阅区/ [索取号:J201/151] 在馆    
7 0287380   002873803   第一样本阅览室/ [索取号:J201/151] 在馆    
欢迎您!
大连网信软件有限公司© 版权所有